LIBRARY & INFORMATION CENTRE, KCAET, TAVANUR

ONLINE PUBLIC ACCESS CATALOGUE (OPAC)

Teaching English in difficult circumstances / (Record no. 7930)

MARC details
000 -LEADER
fixed length control field 00395cam a2200157ua 4500
041 ## - LANGUAGE CODE
Language code of text/sound track or separate title eng
082 ## - DEWEY DECIMAL CLASSIFICATION NUMBER
Classification number 371.3
Item number WES/TE
100 ## - MAIN ENTRY--AUTHOR NAME
Personal name West, Michael .
245 ## - TITLE STATEMENT
Title Teaching English in difficult circumstances /
260 ## - PUBLICATION, DISTRIBUTION, ETC. (IMPRINT)
Place of publication London :
Name of publisher Longman ,
Year of publication 1960.
300 ## - PHYSICAL DESCRIPTION
Number of Pages 136 ; .
500 ## - GENERAL NOTE
General note **Reference
942 ## - ADDED ENTRY ELEMENTS (KOHA)
Koha item type Books
Holdings
Withdrawn status Lost status Damaged status Home library Current library Date acquired Full call number Accession Number Koha item type
Withdrawn     KAUAET Sanskrit University 07/04/2012 371.3 4773 Reference
free website counter